Top 100 NHL Players of 2010's Name Matching Quiz Stats

 Plays Quiz not verified by Sporcle

Support Sporcle.
Go Orange.
Score 0/100 Timer 10:00
0 Plays Today
% Correct
Zdeno
95.8%
Brent
95.1%
Ben
94.7%
Patrice
94.7%
Jaromir
93.9%
Marc-Andre
93.9%
Nicklas
93.9%
Sidney
93.9%
Drew
93.5%
Anze
93.5%
Jamie
93.2%
Claude
93.2%
Pavel
92.8%
Auston
92.4%
Patrick
92.4%
Dustin
92%
Roberto
92%
Evgeni
92%
Jarome
91.6%
Artemi
91.6%
Ilya
91.3%
Corey
91.3%
Leon
91.3%
Alexander or Alexsander
91.3%
Duncan
91.3%
Fillip
90.9%
Logan
90.9%
Phil
90.9%
PK
90.9%
Henrik
90.9%
Alexander or Alexsander
90.9%
Connor
90.9%
TJ
90.5%
Marian
90.5%
% Correct
Nathan
90.5%
Taylor
90.5%
Brad
90.5%
Nikita
90.5%
Jack
90.1%
Ryan
90.1%
Braden
90.1%
Carey
90.1%
Erik
90.1%
Mikko
89.7%
Roman
89.7%
Henrik
89.7%
Tuukka
89.7%
Victor
89.7%
Steven
89.7%
Patrick
89.4%
Sergei
89.4%
Jeff
89%
Frederik
89%
Pekka
89%
Corey
89%
Mitch
88.6%
Matt
88.6%
Shea
88.6%
Daniel
88.2%
Joe
88.2%
Jon, Johnny, John or Jonathan
87.8%
Kris
87.8%
Torey
87.5%
Jon, Johnny, John or Jonathan
87.5%
David
87.5%
Tyler
87.5%
Vladimir
87.5%
Marian
87.1%
% Correct
Oliver
87.1%
Rick
86.7%
Zach
86.7%
Joe
86.7%
Mark
86.7%
Max
86.3%
Eric
86.3%
Henrik
86.3%
Jon, Johnny, John or Jonathan
86.3%
Jon, Johnny, John or Jonathan
86.3%
David
85.9%
Ryan
85.9%
Martin
85.9%
Jon, Johnny, John or Jonathan
85.9%
Gabriel
85.6%
Andrei
85.2%
Ryan
84%
Mikko
83.7%
Jakub
83.7%
Alex
83.7%
Ryan
83.3%
Blake
82.9%
Mark
82.9%
Mark
82.1%
Keith
81.4%
Thomas
81%
Ryan
80.6%
Marc-Edouard
79.8%
Tim
79.8%
Justin
78.7%
Jon, Johnny, John or Jonathan
78.7%
Alexander or Alexsander
73%

You're not logged in!

Compare scores with friends on all Sporcle quizzes.
OR
Log In

From the Vault

Close-Up 'I' Images

by Chenchilla

When you're so close, how do you know that an I isn't a lowercase L?
Remove Ads.
Support Sporcle.
Get the best of Sporcle when you Go Orange. This ad-free experience offers more features, more stats, and more fun while also helping to support Sporcle. Thank you for becoming a member.

Show Comments

Extras

Top Quizzes Today


Score Distribution

Your Account Isn't Verified!

In order to create a playlist on Sporcle, you need to verify the email address you used during registration. Go to your Sporcle Settings to finish the process.

Report this User

Report this user for behavior that violates our Community Guidelines.

Details: